000 01262nam a22002417a 4500
005 20260408125308.0
008 260408s2023 |||||||| |||| 00| 0 eng d
020 _a9781743767252
040 _cPK-LaUMT
082 _a613.0438
_bMOR-I
100 1 _aMorton, Wendy
_910716
245 1 0 _aIndividual support :
_bageing /
_cby Wendy Morton, Nicole Dawson and Lisa Taffe
260 _aSydney :
_bMcGraw-Hill,
_c2023
300 _axvi, 509 p.
500 _aIndex present
520 _aThis exciting new text has been specifically developed for Ageing specialization of the new CHC33021 Certificate III in Individual Support. It is the only text on the market written at this level for students seeking careers in the Aged Care sector, bringing clarity and relevance for this increasingly important area of work. Written with the learner in mind, pedagogical elements, such as Industry in Focus boxes and Workplace Scenarios, are spaced regularly through the chapters to allow the student to see how the material is relevant in the aged care sector and workplace.
546 _aEng
650 _aOlder people-care
_910717
650 _aPersonal health of older adults
_910718
700 1 _aDawson, Nicole
_910719
700 1 _aTaffe, Lisa
_910720
942 _cBK
999 _c140437
_d140437